000 00782cas a2200265 a 4500
022 0 _a1940-2627
040 _cNAB
082 1 0 _a331 JIS 2006 A069 Or.
245 0 0 _a100 fastest-growing careers.
246 3 _aOne hundred fastest-growing careers
246 3 0 _aFastest-growing careers
260 _aIndianapolis :
_bJIST Works,
_cc2006-
300 _av. :
_bill. ;
_c28 cm.
490 1 _aJIST'S top careers series
500 _a"Your complete guidebook to major jobs with the most growth and openings."
650 0 _aEmployment forecasting
650 0 _aOccupations
650 0 _aVocational guidance
650 0 _aJob hunting
650 7 _aEmployment forecasting.
650 7 _aJob hunting.
650 7 _aOccupations
650 7 _aVocational guidance.
942 _cEK
999 _c14600
_d14600